Widok standardowy
Widok MARC
Pozycja Corporate Name
Liczba rekordów, w których użyto hasła: 3
001 - Numer kontrolny
- control field: 39148
003 - Identyfikator numeru kontrolnego
- control field: NUKAT
005 - Data i czas ostatniej modyfikacji
- control field: 20260328201054.0
008 - Dane kontrolne kodowane (40 znaków)
- fixed length control field: 970930n||a|znnaabn |a ana |c
010 ## - Numer kontrolny Biblioteki Kongresu
- numer kontrolny LC: n 97048209
024 7# - OTHER STANDARD IDENTIFIER
- Standard number or code: 162239118
- Source of number or code: viaf
040 ## - Instytucja sporządzająca rekord
- inst. przygot. dane do rek. khw: WA U/ED
- język haseł przedmiotowych/tezaurus: kaba
- inst. wprow. rek. khw: WA U/ED
- inst. modyf. rek. khw: WA M/IW
- inst. modyf. rek. khw: WA M/AR
110 1# - Hasło - nazwa ciała zbiorowego
- nazwa ciała zbior. lub geogr. na pocz.: Polska.
- nazwa jednostki podrzędnej: Ministerstwo Spraw Wewnętrznych (1954-1996).
410 2# - Trop zob. - nazwa ciała zbiorowego
- nazwa ciała zbior. lub geogr. na pocz.: Ministerstwo Spraw Wewnętrznych.
410 2# - Trop zob. - nazwa ciała zbiorowego
- nazwa ciała zbior. lub geogr. na pocz.: MSW.
410 1# - Trop zob. - nazwa ciała zbiorowego
- nazwa ciała zbior. lub geogr. na pocz.: Polska.
- nazwa jednostki podrzędnej: Ministerstwo Spraw Wewnętrznych.
665 ## - Nota historyczna
- nota historyczna: Ministerstwo Spraw Wewnętrznych utworzone na podstawie dekretu Rady Regencyjnej Królestwa Polskiego z 3 stycznia 1918. Kontynuowało działalność w II Rzeczypospolitej. Działało do 1939 w kraju, potem w rządzie polskim na uchodźctwie. W 1944 powołano Resort Bezpieczeństwa Publicznego, w tym samym roku nastąpiła kolejna zmiana nazwy na: Ministerstwo Bezpieczeństwa Publicznego. W 1954 zmiana nazwy na Ministerstwo Spraw Wewnętrznych, a w 1996 na Ministerstwo Spraw Wewnętrznych i Administracji.
670 ## - Źródło informacji
- źródło informacji: Kp. Ceremoniał w Resorcie Spraw Wewnętrznych. - Warszawa, 1987.
670 ## - Źródło informacji
- źródło informacji: EP PWN. - 1991
670 ## - Źródło informacji
- źródło informacji: LeksHP
670 ## - Źródło informacji
- źródło informacji: Ministerstwo Spraw Wewnętrznych
- adres internetowy: http://www.mswia.gov.pl/
670 ## - Źródło informacji
- źródło informacji: Przesłuchanie supergliny / Jerzy Sławomir Mac. - Warszawa, 1990.